| 000 | 00408nam a2200169Ia 4500 | ||
|---|---|---|---|
| 008 | 210210b1922 xxu||||| |||| 00| 0 eng d | ||
| 041 | _aeng | ||
| 082 | _a822/601 | ||
| 100 | _aJENNINGS (J G) | ||
| 245 | _aArthur james balfour | ||
| 260 |
_aLondon _bLongmans Green and Company Limited _c1922 |
||
| 650 | _ajames | ||
| 650 | _abalfour | ||
| 650 | _aArthur | ||
| 690 | _aEnglish Prose | ||
| 906 | _a012787 | ||
| 999 |
_c131604 _d131604 |
||